| 000 | 00443nam a22001697a 4500 | ||
|---|---|---|---|
| 999 |
_c526545 _d526545 |
||
| 003 | NUST | ||
| 020 | _qH/B | ||
| 038 | _awaseem | ||
| 082 |
_a891.42108 _bNAW |
||
| 100 |
_aNawaz, Zahid _917563 |
||
| 245 |
_aPare Gunnhee Mittee / _cZahid Nawaz |
||
| 260 |
_aLahore : _bMasood Khaddar Posh Trust, _c2006. |
||
| 300 | _a159 p. ; | ||
| 880 |
_6100-01\r _aزاہد نواز |
||
| 880 |
_6245-02\r _aپارے گُنھی مٹی / |
||
| 942 |
_2ddc _cBK |
||